UBT Library

MICROBIOLOGY AN ENVIRONMENTAL PERSPECTIVE (Record no. 60159)

000 -LEADER
fixed length control field 00335nam a22001457a 4500
008 - FIXED-LENGTH DATA ELEMENTS--GENERAL INFORMATION
fixed length control field 230718b ||||| |||| 00| 0 eng d
020 ## - INTERNATIONAL STANDARD BOOK NUMBER
International Standard Book Number 0023335807
041 ## - LANGUAGE CODE
Language code of text/sound track or separate title eng
080 ## - UNIVERSAL DECIMAL CLASSIFICATION NUMBER
Universal Decimal Classification number 579
082 ## - DEWEY DECIMAL CLASSIFICATION NUMBER
Classification number 579EDM
100 ## - Rafti
Rafti 14
101 ## - Shkurtesa
Shkurtesa MICBIO
245 ## - TITLE STATEMENT
Title MICROBIOLOGY AN ENVIRONMENTAL PERSPECTIVE
Statement of responsibility, etc EDMONDS . P
942 ## - ADDED ENTRY ELEMENTS (KOHA)
Source of classification or shelving scheme
Item type Books
Holdings
Withdrawn status Lost status Source of classification or shelving scheme Damaged status Not for loan Collection code Permanent location Current location Date acquired Total Checkouts Full call number Barcode Date last seen Price effective from Koha item type
          Koleksioni i përgjithshem UBT - Lipjan UBT - Lipjan 07/18/2023   579EDM 002-800080865 07/18/2023 07/18/2023 Books
UBT Library © 2015-2024. All rights reserved University Education for Business and Technology